000 00523nam a2200169 a 4500
001 000046656
005 20201002053026.0
008 090728s20uu dr 000 0 spa d
040 _aDO-SdBNP
_bspa
_cBNPHU
082 _axxx
_bR426l,
110 2 _aRepública Dominicana
_9447
240 1 0 _a[Leyes, etc.]
245 1 0 _aLey 139-13 :
_bLey orgánica de las Fuerzas Armadas de la República Dominicana.
260 _aSanto Domingo :
_bEditora Dalis,
_c[200?].
300 _a108 p. ;
_c22 cm.
590 _aInventariado, 2018 / VM
999 _c46145
_d46145